[Event "8. MEDJUNARODNO OTVORENO PRVENSTVO VOJVO"]
[Site "Novi Sad, Ribarsko ostrvo-4 re"]
[Date "2017.07.17"]
[Round "2.9"]
[White "Kosanovic, Goran A"]
[Black "Pucarevic, Milenko"]
[Result "1-0"]
[WhiteElo "2369"]
[BlackElo "2191"]
[PlyCount "101"]
[EventDate "2017.07.16"]

1. d4 g6 2. e4 Bg7 3. c3 d6 4. Nf3 Nf6 5. Bd3 O-O 6. O-O Nc6 7. d5 Nb8 8. h3
Nbd7 9. c4 Nc5 10. Nc3 e5 11. Bc2 Nh5 12. b4 Na6 13. Rb1 Nf4 14. Ne2 Nxe2+ 15.
Qxe2 Bd7 16. Be3 Nb8 17. c5 a6 18. a4 Be8 19. b5 axb5 20. axb5 Nd7 21. c6 bxc6
22. dxc6 Nf6 23. Qc4 Rc8 24. Rfd1 Qe7 25. Ra1 Nh5 26. Ra7 Qf6 27. Bg5 Qe6 28.
Qa4 Nf4 29. Bb3 Nxh3+ 30. gxh3 Qxh3 31. Nh2 Kh8 32. Bc2 f6 33. Bc1 f5 34. Qa3
Qh5 35. Qf3 f4 36. Qxh5 gxh5 37. Bb3 Bg6 38. f3 Bf6 39. Bd2 Bh4 40. Be6 Rb8 41.
Rb1 Bf7 42. Bd5 Rg8+ 43. Kh1 Bxd5 44. exd5 Bf2 45. Rb7 Rbc8 46. Rf1 Bc5 47. Be1
Rg7 48. Bf2 Be3 49. b6 Rcg8 50. Rxc7 Bxf2 51. Rxg7 1-0

[Event "8. MEDJUNARODNO OTVORENO PRVENSTVO VOJVO"]
[Site "Novi Sad, Ribarsko ostrvo-4 re"]
[Date "2017.07.17"]
[Round "2.10"]
[White "Jovanovic, Milenko"]
[Black "Marjanovic, Annamaria"]
[Result "1/2-1/2"]
[WhiteElo "2176"]
[BlackElo "2331"]
[PlyCount "77"]
[EventDate "2017.07.16"]

1. d4 d5 2. c4 c6 3. cxd5 cxd5 4. Nc3 Nf6 5. Nf3 Nc6 6. Bf4 Bf5 7. e3 e6 8. Bb5
Nd7 9. O-O Rc8 10. Bd3 Bxd3 11. Qxd3 Be7 12. Rfc1 O-O 13. Bg3 Nb6 14. Qe2 a6
15. Ne5 Nxe5 16. Bxe5 Nc4 17. Bg3 Qa5 18. Nd1 h6 19. h3 Qb6 20. Rc2 Rc6 21.
Rac1 Rfc8 22. Kh2 a5 23. b3 Na3 24. Rxc6 Rxc6 25. Rxc6 Qxc6 26. Nb2 b5 27. Nd3
b4 28. Ne5 Qb7 29. Qg4 Nb5 30. Bf4 Kf8 31. Nd3 Nc3 32. Be5 g6 33. Qf4 Bg5 34.
Bd6+ Kg7 35. Qg3 Ne4 36. Nc5 Nxc5 37. Bxc5 Bd8 38. Qe5+ Kg8 39. f4 1/2-1/2

[Event "8. MEDJUNARODNO OTVORENO PRVENSTVO VOJVO"]
[Site "Novi Sad, Ribarsko ostrvo-4 re"]
[Date "2017.07.17"]
[Round "2.11"]
[White "Ozen, Bahadir"]
[Black "Michalicka, Milan"]
[Result "1/2-1/2"]
[WhiteElo "2315"]
[BlackElo "2185"]
[PlyCount "36"]
[EventDate "2017.07.16"]

1. g3 g6 2. Bg2 Bg7 3. d3 c5 4. f4 Nc6 5. Nf3 d5 6. O-O Nf6 7. c3 O-O 8. Qc2 d4
9. Na3 Nd5 10. e4 dxe3 11. Nc4 Bf5 12. Qd1 Qc8 13. Nxe3 Nxe3 14. Bxe3 c4 15.
Rf2 cxd3 16. h3 e5 17. fxe5 Bxe5 18. Qd2 Bxh3 1/2-1/2

[Event "8. MEDJUNARODNO OTVORENO PRVENSTVO VOJVO"]
[Site "Novi Sad, Ribarsko ostrvo-4 re"]
[Date "2017.07.17"]
[Round "2.12"]
[White "Peycheva, Gergana"]
[Black "Colovic, Dusan"]
[Result "1-0"]
[WhiteElo "2161"]
[BlackElo "2313"]
[PlyCount "81"]
[EventDate "2017.07.16"]

1. d4 d5 2. c4 e6 3. Nc3 c6 4. e3 f5 5. Nf3 Nd7 6. Bd3 Nh6 7. b3 Bd6 8. Bb2 O-O
9. Ne2 Qf6 10. O-O g5 11. a3 Ng4 12. Re1 Rf7 13. Ng3 Qh6 14. Nf1 Qg7 15. b4 a6
16. Qd2 Ndf6 17. Re2 Ne4 18. Qe1 Bd7 19. h3 Ngxf2 20. Rxf2 Nxf2 21. Qxf2 g4 22.
Ne5 Bxe5 23. dxe5 gxh3 24. g3 Raf8 25. Kh2 Qg6 26. Nd2 Rg7 27. Nf3 h6 28. Bd4
Kh8 29. Rg1 Rfg8 30. Be2 Qe8 31. Nh4 Rg5 32. Qf4 Kh7 33. Kxh3 dxc4 34. Bxc4 c5
35. Bxc5 Rg4 36. Qf1 Qh5 37. Be7 Bc6 38. Bxe6 f4 39. Qd3+ R8g6 40. exf4 Bb5 41.
Qc2 1-0

[Event "8. MEDJUNARODNO OTVORENO PRVENSTVO VOJVO"]
[Site "Novi Sad, Ribarsko ostrvo-4 re"]
[Date "2017.07.17"]
[Round "2.13"]
[White "Kaufeld, Juergen"]
[Black "Stikovic, Dobrica"]
[Result "1-0"]
[WhiteElo "2296"]
[BlackElo "2184"]
[PlyCount "59"]
[EventDate "2017.07.16"]

1. e4 e6 2. d4 d5 3. Nc3 Bb4 4. e5 c5 5. a3 Bxc3+ 6. bxc3 Ne7 7. Qg4 Qc7 8.
Qxg7 Rg8 9. Qxh7 cxd4 10. Ne2 Nbc6 11. f4 dxc3 12. Nxc3 a6 13. Bb2 Bd7 14.
O-O-O O-O-O 15. Qh4 Nf5 16. Qf2 Nce7 17. Rg1 Bc6 18. Ne2 Ba4 19. Nd4 Qc5 20. g4
Nxd4 21. Rxd4 Nc6 22. Rd2 d4 23. Rg3 Rd7 24. h4 Rgd8 25. h5 Na5 26. Rc3 Qxc3
27. Bxc3 dxc3 28. Rxd7 Rxd7 29. Qc5+ Nc6 30. Bd3 1-0

[Event "8. MEDJUNARODNO OTVORENO PRVENSTVO VOJVO"]
[Site "Novi Sad, Ribarsko ostrvo-4 re"]
[Date "2017.07.17"]
[Round "2.14"]
[White "Desnica, Vladan"]
[Black "Ilincic, Aleksa"]
[Result "1/2-1/2"]
[WhiteElo "2285"]
[BlackElo "2177"]
[PlyCount "53"]
[EventDate "2017.07.16"]

1. d4 Nf6 2. c4 c5 3. d5 e6 4. Nc3 exd5 5. cxd5 a6 6. e4 Qe7 7. Bd3 b5 8. Qe2
d6 9. Bg5 h6 10. Bh4 g5 11. Bg3 Ng4 12. Nf3 Nd7 13. Bxb5 axb5 14. Nxb5 Nde5 15.
Nxe5 Nxe5 16. Bxe5 dxe5 17. d6 Qb7 18. Nc7+ Kd8 19. Nxa8 Qxa8 20. O-O Bxd6 21.
Rfd1 Ke7 22. Rd2 Be6 23. Rad1 Rd8 24. b3 Bc7 25. Rxd8 Bxd8 26. Qb5 Qa5 27. Qb8
1/2-1/2

[Event "8. MEDJUNARODNO OTVORENO PRVENSTVO VOJVO"]
[Site "Novi Sad, Ribarsko ostrvo-4 re"]
[Date "2017.07.17"]
[Round "2.15"]
[White "Juhasz, Bencze"]
[Black "Gajcin, Marina"]
[Result "0-1"]
[WhiteElo "2158"]
[BlackElo "2282"]
[PlyCount "58"]
[EventDate "2017.07.16"]

1. e4 c5 2. Nf3 Nc6 3. d4 cxd4 4. Nxd4 e5 5. Nb5 d6 6. N1c3 a6 7. Na3 Be7 8.
Nc4 b5 9. Ne3 Nf6 10. g3 O-O 11. Bg2 Be6 12. O-O Rc8 13. Ncd5 Na5 14. a4 Nxd5
15. Nxd5 Bxd5 16. exd5 b4 17. Be4 f5 18. Bd3 Qb6 19. Qe2 Ra8 20. c3 e4 21. Bc2
Bf6 22. Be3 Qb7 23. f3 b3 24. Bb1 Qxd5 25. fxe4 fxe4 26. Rd1 Qe6 27. Ra3 Rae8
28. Bf4 d5 29. Kg2 Be7 0-1

[Event "8. MEDJUNARODNO OTVORENO PRVENSTVO VOJVO"]
[Site "Novi Sad, Ribarsko ostrvo-4 re"]
[Date "2017.07.17"]
[Round "2.16"]
[White "Bala, Karlo"]
[Black "Kovacevic, Sinisa"]
[Result "1/2-1/2"]
[WhiteElo "2264"]
[BlackElo "2167"]
[PlyCount "74"]
[EventDate "2017.07.16"]

1. d4 e6 2. Bf4 Nf6 3. e3 d5 4. Nf3 Bd6 5. Bg3 O-O 6. Nbd2 Qe7 7. Bd3 Nbd7 8.
Ne5 Re8 9. f4 Nf8 10. O-O N6d7 11. e4 c5 12. Nxd7 Bxd7 13. e5 Bc7 14. Qg4 f5
15. exf6 Qxf6 16. Nf3 c4 17. Bh4 Qxf4 18. Qxf4 Bxf4 19. Be2 Ng6 20. Bf2 Bd6 21.
Rad1 Nf4 22. Rfe1 c3 23. b3 Nxe2+ 24. Rxe2 Bf4 25. Bg3 Bb5 26. Ree1 Bh6 27. a4
Ba6 28. Bh4 b5 29. axb5 Bxb5 30. Bg5 a5 31. Re3 a4 32. bxa4 Bxa4 33. Bxh6 gxh6
34. Rxc3 Rac8 35. Rxc8 Rxc8 36. Rc1 Rxc2 37. Rxc2 Bxc2 1/2-1/2

[Event "8. MEDJUNARODNO OTVORENO PRVENSTVO VOJVO"]
[Site "Novi Sad, Ribarsko ostrvo-4 re"]
[Date "2017.07.17"]
[Round "2.17"]
[White "Kacar, Darko"]
[Black "Hjelmas, Lars"]
[Result "0-1"]
[WhiteElo "2148"]
[BlackElo "2261"]
[PlyCount "126"]
[EventDate "2017.07.16"]

1. e4 e6 2. d4 d5 3. e5 c5 4. c3 Nc6 5. Nf3 Qb6 6. a3 c4 7. g3 Bd7 8. Nbd2 Na5
9. Bg2 Ne7 10. O-O Qc7 11. Ne1 h5 12. h4 O-O-O 13. Ndf3 Nb3 14. Rb1 Ba4 15. Ng5
Nf5 16. Bf4 Qd7 17. Qe2 Re8 18. Nc2 f6 19. Nf3 Be7 20. Ne3 Nxe3 21. Qxe3 f5 22.
Bg5 Na5 23. Rbc1 Nb3 24. Rce1 Na5 25. Re2 Nc6 26. Bxe7 Qxe7 27. Ng5 Bb3 28. f4
Nd8 29. Rd2 Nf7 30. Nf3 Qc7 31. Ne1 Kd7 32. Bf3 g6 33. Qe2 Ke7 34. Ng2 Qc6 35.
Ne3 Nh6 36. Qg2 Rd8 37. Re1 b5 38. Rde2 a5 39. Ra1 Rd7 40. Ree1 Ng4 41. Qd2
Nxe3 42. Rxe3 Ra8 43. Ree1 Rda7 44. Qe2 b4 45. axb4 axb4 46. Rxa7+ Rxa7 47. Qf1
Qa8 48. Qg2 Ra1 49. Qf2 Qa2 50. Bxd5 exd5 51. e6 bxc3 52. bxc3 Qxf2+ 53. Kxf2
Rxe1 54. Kxe1 Kxe6 55. Kd2 Kd6 56. Kc1 Kc6 57. Kb2 Kb5 58. Kb1 Ka4 59. Kb2 Bd1
60. Ka2 Bf3 61. Kb2 Be4 62. Ka2 Bd3 63. Kb2 Bb1 0-1

[Event "8. MEDJUNARODNO OTVORENO PRVENSTVO VOJVO"]
[Site "Novi Sad, Ribarsko ostrvo-4 re"]
[Date "2017.07.17"]
[Round "2.18"]
[White "Velikic, Adela"]
[Black "Pecelj, Nedeljko"]
[Result "1-0"]
[WhiteElo "2256"]
[BlackElo "2161"]
[PlyCount "55"]
[EventDate "2017.07.16"]

1. e4 e6 2. Qe2 b6 3. Nf3 Bb7 4. d3 Ne7 5. c4 c5 6. Nc3 Nbc6 7. g3 Nd4 8. Nxd4
cxd4 9. Nb5 Nc6 10. Bg2 a6 11. Na3 Bb4+ 12. Bd2 O-O 13. O-O Bxd2 14. Qxd2 d6
15. Nc2 e5 16. f4 b5 17. Na3 b4 18. Nc2 a5 19. f5 f6 20. g4 g5 21. fxg6 hxg6
22. Qh6 Ne7 23. Rf3 Rf7 24. Rh3 Rg7 25. Rf1 Kf7 26. Rxf6+ Kxf6 27. Rf3+ Nf5 28.
Rxf5+ 1-0

[Event "8. MEDJUNARODNO OTVORENO PRVENSTVO VOJVO"]
[Site "Novi Sad, Ribarsko ostrvo-4 re"]
[Date "2017.07.17"]
[Round "2.19"]
[White "Cica, Dragan"]
[Black "Bojkovic, Slobodan"]
[Result "0-1"]
[WhiteElo "2133"]
[BlackElo "2248"]
[PlyCount "56"]
[EventDate "2017.07.16"]

1. e4 c5 2. Nf3 e6 3. d4 cxd4 4. Nxd4 a6 5. c4 Qc7 6. a3 Nf6 7. Nc3 b6 8. Be2
Bb7 9. f3 Be7 10. O-O d6 11. Be3 Nbd7 12. Rc1 Rc8 13. Nb3 Qb8 14. Kh1 Bd8 15.
Qe1 Bc7 16. Qf2 Rf8 17. Rfd1 Rd8 18. a4 d5 19. cxd5 exd5 20. exd5 Bxh2 21. Bxb6
Bg3 22. Qd4 Nxb6 23. Qxb6 Qe5 24. Ne4 Qh5+ 25. Kg1 Nxe4 26. fxe4 Qxe2 27. Rd2
Qxe4 28. Qxb7 Qe3+ 0-1

[Event "8. MEDJUNARODNO OTVORENO PRVENSTVO VOJVO"]
[Site "Novi Sad, Ribarsko ostrvo-4 re"]
[Date "2017.07.17"]
[Round "2.20"]
[White "Yordanov, Lachezar"]
[Black "Ljubisavljevic, Zivojin Z"]
[Result "1-0"]
[WhiteElo "2246"]
[BlackElo "2120"]
[PlyCount "107"]
[EventDate "2017.07.16"]

1. b3 e5 2. Bb2 d6 3. e3 f5 4. d4 e4 5. d5 Nf6 6. Nh3 Be7 7. Nf4 O-O 8. h4 Ng4
9. Be2 Bxh4 10. Bxg4 fxg4 11. g3 Bf6 12. Nc3 Bf5 13. Qe2 Nd7 14. O-O-O Ne5 15.
Qb5 a6 16. Qb4 a5 17. Qxb7 Rb8 18. Qa6 Qd7 19. a4 Ra8 20. Qf1 Rfb8 21. Nb5 Rxb5
22. Qxb5 Qxb5 23. axb5 a4 24. b4 a3 25. Bd4 Rb8 26. Bxe5 Bxe5 27. c4 Bc3 28.
Kc2 Bxb4 29. Kb3 Bc5 30. Ne2 Rf8 31. Nc3 g5 32. Na4 Ba7 33. Kxa3 Bg6 34. Rh2 h5
35. Kb4 Kg7 36. c5 Rb8 37. Kc4 Be8 38. Rb1 dxc5 39. Nxc5 Bb6 40. Rhh1 Kh6 41.
Rb2 Ra8 42. Na6 Bf7 43. Rd2 Kg6 44. Kb4 Rd8 45. Rc1 h4 46. Nxc7 Rd6 47. Na8 Bd8
48. Rc6 Be7 49. Kc4 Kf5 50. Rxd6 Bxd6 51. b6 hxg3 52. fxg3 Bxg3 53. Kc5 Be8 54.
d6 1-0

[Event "8. MEDJUNARODNO OTVORENO PRVENSTVO VOJVO"]
[Site "Novi Sad, Ribarsko ostrvo-4 re"]
[Date "2017.07.18"]
[Round "3.1"]
[White "Gajcin, Marina"]
[Black "Atalik, Suat"]
[Result "1-0"]
[WhiteElo "2282"]
[BlackElo "2525"]
[PlyCount "85"]
[EventDate "2017.07.16"]

1. e4 e5 2. Nf3 Nc6 3. Bc4 Bc5 4. c3 Nf6 5. d3 O-O 6. O-O d6 7. Bb3 a5 8. Nbd2
Be6 9. Bxe6 fxe6 10. a4 Qe8 11. Qb3 Kh8 12. Qc4 Bb6 13. b4 d5 14. Qb3 axb4 15.
cxb4 Rd8 16. Bb2 dxe4 17. dxe4 Qg6 18. Qxe6 Rd6 19. Qb3 Ng4 20. Rad1 Rdf6 21.
b5 Nd4 22. Bxd4 exd4 23. Qd3 Ne3 24. fxe3 dxe3 25. Kh1 exd2 26. Rxd2 Rf4 27.
Re2 Re8 28. Rfe1 Ba5 29. Rd1 h6 30. e5 Qxd3 31. Rxd3 Rxa4 32. g3 Bb4 33. Kg2
Re7 34. Nh4 Kh7 35. e6 g6 36. Rd4 c5 37. bxc6 bxc6 38. Rg4 g5 39. Nf5 Re8 40.
Nd6 Rea8 41. e7 Ra2 42. Rxa2 Rxa2+ 43. Kh3 1-0

[Event "8. MEDJUNARODNO OTVORENO PRVENSTVO VOJVO"]
[Site "Novi Sad, Ribarsko ostrvo-4 re"]
[Date "2017.07.18"]
[Round "3.2"]
[White "Ernst, Sipke"]
[Black "Kaufeld, Juergen"]
[Result "1-0"]
[WhiteElo "2522"]
[BlackElo "2296"]
[PlyCount "83"]
[EventDate "2017.07.16"]

1. g3 d5 2. Nf3 g6 3. Bg2 Bg7 4. O-O e5 5. c4 dxc4 6. Qa4+ Nc6 7. Qxc4 Nge7 8.
Nc3 h6 9. d3 O-O 10. Bd2 Be6 11. Qa4 Kh7 12. Ne4 Rb8 13. Rfc1 a6 14. Rab1 Bd5
15. Nc3 Be6 16. Qh4 Nf5 17. Qxd8 Rfxd8 18. Ne1 Nfe7 19. b3 f5 20. Na4 Bd5 21.
Bxd5 Rxd5 22. Kf1 Kg8 23. Rc2 Kf7 24. Rbc1 g5 25. a3 Bf8 26. b4 Nc8 27. e4 fxe4
28. dxe4 Rd4 29. Nf3 Rxe4 30. Bxg5 Bxb4 31. axb4 Rxb4 32. Nc5 hxg5 33. Nxa6
bxa6 34. Rxc6 Nd6 35. Nxe5+ Ke6 36. Nd3 Rb1 37. Nc5+ Kf5 38. Nxa6 R8b6 39.
R6c5+ Kg4 40. Rxb1 Rxb1+ 41. Kg2 Rb2 42. Re5 1-0

[Event "8. MEDJUNARODNO OTVORENO PRVENSTVO VOJVO"]
[Site "Novi Sad, Ribarsko ostrvo-4 re"]
[Date "2017.07.18"]
[Round "3.3"]
[White "Pikula, Dejan"]
[Black "Velikic, Adela"]
[Result "1-0"]
[WhiteElo "2457"]
[BlackElo "2256"]
[PlyCount "49"]
[EventDate "2017.07.16"]

1. d4 Nf6 2. Nc3 d5 3. Bf4 Bf5 4. f3 h6 5. g4 Bg6 6. e3 e6 7. h4 a6 8. Bd3 Bxd3
9. Qxd3 c5 10. Nge2 Nc6 11. O-O-O c4 12. Qd2 b5 13. g5 Nd7 14. e4 Nb6 15. exd5
Nxd5 16. Nxd5 Qxd5 17. Qe3 hxg5 18. Bxg5 b4 19. Nf4 Qa5 20. Qe4 Rc8 21. Nxe6
Be7 22. Nxg7+ Kf8 23. Nf5 Rc7 24. Nxe7 Nxe7 25. Rhe1 1-0

[Event "8. MEDJUNARODNO OTVORENO PRVENSTVO VOJVO"]
[Site "Novi Sad, Ribarsko ostrvo-4 re"]
[Date "2017.07.18"]
[Round "3.5"]
[White "Tosic, Miroslav"]
[Black "Yordanov, Lachezar"]
[Result "1-0"]
[WhiteElo "2433"]
[BlackElo "2246"]
[PlyCount "65"]
[EventDate "2017.07.16"]

1. e4 c5 2. Ne2 e6 3. c4 d5 4. exd5 exd5 5. Nf4 d4 6. Qe2+ Be7 7. g3 Nf6 8. Bg2
O-O 9. O-O Nc6 10. d3 Bd6 11. h3 Re8 12. Qd1 Qc7 13. Na3 a6 14. Nc2 b6 15. b4
Bb7 16. bxc5 bxc5 17. Rb1 Rab8 18. Re1 Ne5 19. Nd5 Bxd5 20. Rxb8 Rxb8 21. cxd5
Ned7 22. Na3 Nb6 23. Bd2 Nfxd5 24. Ba5 Qa7 25. Qb3 Nf6 26. Bxb6 Rxb6 27. Qa4
Bf8 28. Nc4 Rb4 29. Qc6 Qd7 30. Qa8 Qf5 31. Nd6 Qxd3 32. Bd5 g6 33. Qa7 1-0

[Event "8. MEDJUNARODNO OTVORENO PRVENSTVO VOJVO"]
[Site "Novi Sad, Ribarsko ostrvo-4 re"]
[Date "2017.07.18"]
[Round "3.6"]
[White "Leskur, Dejan"]
[Black "Tuturin, Sergey"]
[Result "1-0"]
[WhiteElo "2393"]
[BlackElo "2232"]
[PlyCount "45"]
[EventDate "2017.07.16"]

1. e4 e6 2. d4 d5 3. Nc3 Bb4 4. Nge2 dxe4 5. a3 Be7 6. Nxe4 Nf6 7. Qd3 Nc6 8.
Bf4 O-O 9. O-O-O e5 10. dxe5 Qxd3 11. cxd3 Nd5 12. Bg3 h5 13. h4 Bg4 14. d4
Rfd8 15. f3 Bf5 16. Bf2 Na5 17. N2g3 Bg6 18. b4 Nb3+ 19. Kb2 a5 20. Kxb3 axb4
21. axb4 Bxb4 22. Bc4 Ra3+ 23. Kb2 1-0

[Event "8. MEDJUNARODNO OTVORENO PRVENSTVO VOJVO"]
[Site "Novi Sad, Ribarsko ostrvo-4 re"]
[Date "2017.07.18"]
[Round "3.7"]
[White "Bojkovic, Slobodan"]
[Black "Nomin-Erdene, Davaademberel"]
[Result "0-1"]
[WhiteElo "2248"]
[BlackElo "2373"]
[PlyCount "80"]
[EventDate "2017.07.16"]

1. Nc3 d5 2. d4 Nf6 3. Bf4 a6 4. Qd2 e6 5. Nf3 b5 6. a3 c5 7. dxc5 Bxc5 8. e3
Bb7 9. Be2 Nbd7 10. h3 O-O 11. O-O Nb6 12. Rfd1 Qe7 13. b4 Bd6 14. Bxd6 Qxd6
15. e4 Qc7 16. exd5 exd5 17. Nd4 Rac8 18. Nb1 Ne4 19. Qc1 Na4 20. Rd3 Qb6 21.
Bg4 Rc4 22. Qe3 Rc7 23. Nd2 Nb2 24. Rb3 Na4 25. h4 Qf6 26. N2f3 Nb6 27. Rd3 Nc4
28. Qe1 Re8 29. Qf1 Ne5 30. Nxe5 Rxe5 31. g3 Rc4 32. Qg2 Re7 33. Qf3 Qb6 34.
Rad1 Nf6 35. Bh3 Re4 36. c3 Re8 37. Nb3 d4 38. Qf4 Qc6 39. Kh2 dxc3 40. Qd6
Ng4+ 0-1

[Event "8. MEDJUNARODNO OTVORENO PRVENSTVO VOJVO"]
[Site "Novi Sad, Ribarsko ostrvo-4 re"]
[Date "2017.07.18"]
[Round "3.8"]
[White "Stocko, Josip"]
[Black "Peycheva, Gergana"]
[Result "1-0"]
[WhiteElo "2371"]
[BlackElo "2161"]
[PlyCount "93"]
[EventDate "2017.07.16"]

1. e4 c5 2. Nf3 e6 3. g3 d5 4. exd5 exd5 5. Bg2 Nf6 6. O-O Be7 7. d4 O-O 8.
dxc5 Bxc5 9. a3 a5 10. Nc3 Nc6 11. Bg5 Be6 12. Ne1 Bd4 13. Nd3 h6 14. Bd2 Ne5
15. Nxe5 Bxe5 16. Qe2 Bc7 17. Nb5 Re8 18. Qd3 Bb6 19. Nd4 Ne4 20. Be3 Qd7 21.
Nxe6 Qxe6 22. Rae1 Rad8 23. Qb5 Bxe3 24. Rxe3 Qc6 25. Qd3 Nf6 26. Rxe8+ Rxe8
27. Bf3 Qb6 28. b3 Rc8 29. Re1 Qc5 30. Re2 Qxa3 31. Bxd5 Nxd5 32. Qxd5 b6 33.
Qd7 Qc5 34. c4 Rc7 35. Re8+ Kh7 36. Qd3+ f5 37. Qd8 Qc6 38. h4 Qd7 39. Qb8 Rb7
40. Rh8+ Kg6 41. Qe5 Qe7 42. h5+ Kg5 43. Qf4+ Kf6 44. Qd4+ Ke6 45. Qd5+ Kf6 46.
Qc6+ Kf7 47. Qg6# 1-0

[Event "8. MEDJUNARODNO OTVORENO PRVENSTVO VOJVO"]
[Site "Novi Sad, Ribarsko ostrvo-4 re"]
[Date "2017.07.18"]
[Round "3.9"]
[White "Todorovic, Nenad I"]
[Black "Kosanovic, Goran A"]
[Result "1/2-1/2"]
[WhiteElo "2235"]
[BlackElo "2369"]
[PlyCount "79"]
[EventDate "2017.07.16"]

1. e4 c5 2. Nf3 Nc6 3. d4 cxd4 4. Nxd4 e5 5. Nb5 a6 6. Nd6+ Bxd6 7. Qxd6 Qe7 8.
Qd1 Nf6 9. Nc3 d6 10. Bg5 Be6 11. Nd5 Bxd5 12. exd5 Nb8 13. Be2 h6 14. Be3 Nbd7
15. O-O O-O 16. c4 a5 17. b3 Ne4 18. Qc2 Nec5 19. Qf5 b6 20. Rab1 Qf6 21. Qxf6
Nxf6 22. Rfc1 Nfd7 23. a3 f5 24. b4 axb4 25. axb4 f4 26. Bd2 Ra2 27. bxc5 Rxd2
28. c6 Rxe2 29. cxd7 Rd8 30. Rxb6 Rxd7 31. Kf1 Rd2 32. Ke1 Ra2 33. c5 dxc5 34.
Rxc5 Kf7 35. d6 Kf6 36. Rbb5 Rxd6 37. Rxe5 g6 38. Ra5 Rdd2 39. Re4 g5 40. Rb4
1/2-1/2

[Event "8. MEDJUNARODNO OTVORENO PRVENSTVO VOJVO"]
[Site "Novi Sad, Ribarsko ostrvo-4 re"]
[Date "2017.07.18"]
[Round "3.10"]
[White "Tisma, Ivan"]
[Black "Cabarkapa, Novak"]
[Result "0-1"]
[WhiteElo "2221"]
[BlackElo "2426"]
[PlyCount "114"]
[EventDate "2017.07.16"]

1. c4 Nf6 2. Nc3 g6 3. Nf3 Bg7 4. g3 d5 5. cxd5 Nxd5 6. Bg2 Nc6 7. O-O Nb6 8.
d3 e5 9. Be3 Nd4 10. Qd2 Bg4 11. Ne1 c6 12. h3 Be6 13. Bh6 O-O 14. Kh2 Qe7 15.
Bxg7 Kxg7 16. Nf3 Nxf3+ 17. Bxf3 f5 18. Bg2 g5 19. b4 Qxb4 20. Qxg5+ Kh8 21.
Rfc1 Rf7 22. Qh6 Qe7 23. Qe3 Qf6 24. Qc5 Nd7 25. Qb4 Nf8 26. a4 a5 27. Qb2 h5
28. h4 Ng6 29. Rh1 Rg7 30. e3 Qd8 31. Qe2 Rh7 32. Bh3 Qd6 33. Rab1 Rg8 34. Rhg1
Rd8 35. Rbd1 Qb4 36. Rc1 Nf8 37. f4 Nd7 38. e4 exf4 39. exf5 Bg8 40. Ne4 Ne5
41. gxf4 Nxd3 42. Rcf1 Nc5 43. Nd6 Qd4 44. Qe5+ Qxe5 45. fxe5 Nd3 46. f6 Nxe5
47. f7 Bxf7 48. Nxb7 Rd2+ 49. Rg2 Rxg2+ 50. Bxg2 Bd5 51. Nxa5 Ng4+ 52. Kg3 Bxg2
53. Rf8+ Kg7 54. Rc8 Bh1 55. Kf4 Kg6 56. Nxc6 Rf7+ 57. Kg3 Rf3# 0-1

[Event "8. MEDJUNARODNO OTVORENO PRVENSTVO VOJVO"]
[Site "Novi Sad, Ribarsko ostrvo-4 re"]
[Date "2017.07.18"]
[Round "3.11"]
[White "Kiremitciyan, Ari"]
[Black "Pantelic, Sasa"]
[Result "0-1"]
[WhiteElo "2240"]
[BlackElo "2358"]
[PlyCount "74"]
[EventDate "2017.07.16"]

1. Nf3 Nf6 2. c4 g6 3. Nc3 Bg7 4. e4 d6 5. d4 O-O 6. Be2 e5 7. d5 Nh5 8. g3 a5
9. Be3 Na6 10. Nd2 Nf6 11. g4 Nxg4 12. Bxg4 f5 13. exf5 gxf5 14. Bf3 f4 15. Bb6
cxb6 16. Nde4 Nc5 17. Qe2 Bf5 18. h4 Rc8 19. Kd2 b5 20. cxb5 Qb6 21. Raf1 Bxe4
22. Bxe4 f3 23. Qe3 Nxe4+ 24. Qxe4 Rf4 25. Qe3 Rd4+ 26. Ke1 Rf8 27. Rfg1 Rff4
28. h5 Kf7 29. h6 Bf6 30. Rg3 Qc5 31. Rxf3 Qc4 32. Rxf4 Rxf4 33. Rh3 Qb4 34.
Qb6 Qxb2 35. Qxb7+ Be7 36. Qd7 Qxf2+ 37. Kd1 Rd4+ 0-1

[Event "8. MEDJUNARODNO OTVORENO PRVENSTVO VOJVO"]
[Site "Novi Sad, Ribarsko ostrvo-4 re"]
[Date "2017.07.18"]
[Round "3.12"]
[White "Sredojevic, Ivan"]
[Black "Tomerlin, Sinisa"]
[Result "1-0"]
[WhiteElo "2355"]
[BlackElo "2193"]
[PlyCount "59"]
[EventDate "2017.07.16"]

1. Nf3 d6 2. d4 Nf6 3. g3 g6 4. Bg2 Bg7 5. b3 O-O 6. Bb2 Nbd7 7. c4 e5 8. dxe5
Ng4 9. Nc3 Ngxe5 10. Nxe5 Nxe5 11. O-O a5 12. Qd2 a4 13. Rad1 axb3 14. axb3 Be6
15. Qc1 c6 16. Ba3 Qb6 17. Bxd6 Rfd8 18. Qf4 Rxd6 19. Rxd6 Qxb3 20. Ne4 Qxc4
21. Rd2 h6 22. Nf6+ Bxf6 23. Qxf6 Nd7 24. Qe7 Nc5 25. Rfd1 Kg7 26. h3 Ne4 27.
Rd4 Qc5 28. Qxb7 Nc3 29. Qxa8 Nxe2+ 30. Kh2 1-0

[Event "8. MEDJUNARODNO OTVORENO PRVENSTVO VOJVO"]
[Site "Novi Sad, Ribarsko ostrvo-4 re"]
[Date "2017.07.18"]
[Round "3.13"]
[White "Marjanovic, Annamaria"]
[Black "Ilijc, Milan"]
[Result "1-0"]
[WhiteElo "2331"]
[BlackElo "2131"]
[PlyCount "105"]
[EventDate "2017.07.16"]

1. c4 Nf6 2. g3 g6 3. Bg2 Bg7 4. Nc3 e5 5. d3 O-O 6. Rb1 a5 7. a3 c6 8. e4 d6
9. Nge2 Nh5 10. O-O f5 11. exf5 gxf5 12. f4 Be6 13. Be3 Nd7 14. Qd2 a4 15. fxe5
dxe5 16. Kh1 Qa5 17. Qc2 Rfd8 18. Bh3 Rf8 19. Ne4 Qc7 20. Ng5 Qd6 21. Nc3 h6
22. Nxe6 Qxe6 23. Nxa4 Qg6 24. Nc5 Rad8 25. Nxb7 Nxg3+ 26. hxg3 Qxg3 27. Qg2
Qxe3 28. Nxd8 Rxd8 29. Rg1 Qg5 30. Qxg5 hxg5 31. Rxg5 Kf7 32. Rxf5+ Nf6 33. Rf3
Ke7 34. Rg1 Bh6 35. Re1 e4 36. Bf5 Bd2 37. Re2 e3 38. Rexe3+ Bxe3 39. Rxe3+ Kf7
40. Be6+ Kg6 41. b4 Nh5 42. b5 cxb5 43. cxb5 Ra8 44. d4 Nf4 45. Bg4 Ra4 46. b6
Rxd4 47. b7 Rd8 48. Rc3 Rb8 49. Bf3 Rh8+ 50. Kg1 Nh3+ 51. Kg2 Nf4+ 52. Kg3 Kf5
53. Rc5+ 1-0

[Event "8. MEDJUNARODNO OTVORENO PRVENSTVO VOJVO"]
[Site "Novi Sad, Ribarsko ostrvo-4 re"]
[Date "2017.07.18"]
[Round "3.14"]
[White "Ilincic, Aleksa"]
[Black "Ozen, Bahadir"]
[Result "1/2-1/2"]
[WhiteElo "2177"]
[BlackElo "2315"]
[PlyCount "53"]
[EventDate "2017.07.16"]

1. d4 g6 2. Nf3 Bg7 3. c4 d6 4. Nc3 Nd7 5. e4 e5 6. Be2 Ngf6 7. d5 Nc5 8. Qc2
O-O 9. g3 c6 10. Nh4 cxd5 11. cxd5 Bh3 12. Bf1 Bd7 13. b4 Na6 14. Qb3 Qb6 15.
Be3 Qxb4 16. Bxa6 Qxb3 17. axb3 bxa6 18. Rxa6 Rab8 19. Ra3 Rb4 20. f3 Rfb8 21.
Kd2 Rxb3 22. Rxb3 Rxb3 23. Kc2 Rb7 24. Ra1 Ne8 25. Ng2 f5 26. Rxa7 Rxa7 27.
Bxa7 1/2-1/2

[Event "8. MEDJUNARODNO OTVORENO PRVENSTVO VOJVO"]
[Site "Novi Sad, Ribarsko ostrvo-4 re"]
[Date "2017.07.18"]
[Round "3.15"]
[White "Michalicka, Milan"]
[Black "Desnica, Vladan"]
[Result "0-1"]
[WhiteElo "2185"]
[BlackElo "2285"]
[PlyCount "90"]
[EventDate "2017.07.16"]

1. d4 Nf6 2. c4 e6 3. g3 Bb4+ 4. Bd2 Qe7 5. Bg2 Nc6 6. Nf3 Bxd2+ 7. Nbxd2 d6 8.
O-O a5 9. Qc2 O-O 10. Rfd1 e5 11. Nf1 Re8 12. Ne3 Nb4 13. Qb3 c6 14. a3 Na6 15.
Qc2 Ng4 16. Qe4 Nxe3 17. Qxe3 h6 18. dxe5 dxe5 19. Rd2 Bg4 20. h3 Bf5 21. Rad1
Qc5 22. Qc3 f6 23. e3 Be6 24. Bf1 a4 25. Qc2 Qa5 26. Nh4 Nc5 27. Nf5 Qc7 28.
Bd3 Rad8 29. Nd6 Rf8 30. Bh7+ Kh8 31. Bf5 Bg8 32. Ne4 Rxd2 33. Rxd2 Qb6 34.
Nxc5 Qxc5 35. Qxa4 Bxc4 36. Qc2 Qb5 37. Rd7 Bd5 38. Bd3 Qa5 39. Bf1 Qe1 40.
Rxb7 f5 41. Qe2 Qb1 42. Qd3 Qc1 43. a4 Be4 44. Qc4 Qd1 45. a5 Qf3 0-1

[Event "8. MEDJUNARODNO OTVORENO PRVENSTVO VOJVO"]
[Site "Novi Sad, Ribarsko ostrvo-4 re"]
[Date "2017.07.18"]
[Round "3.16"]
[White "Kovacevic, Sinisa"]
[Black "Mikheev, Stanislav"]
[Result "0-1"]
[WhiteElo "2167"]
[BlackElo "2264"]
[PlyCount "72"]
[EventDate "2017.07.16"]

1. d4 Nf6 2. Nf3 c5 3. d5 e6 4. c4 exd5 5. cxd5 d6 6. Nc3 g6 7. h3 Bg7 8. Bf4
O-O 9. e3 a6 10. a4 Qe7 11. Bd3 Nbd7 12. O-O Nh5 13. Bh2 f5 14. Nd2 f4 15. exf4
Nxf4 16. Nc4 Ne5 17. Bxf4 Rxf4 18. Qe2 Qg5 19. Ne4 Rxe4 20. Bxe4 Nxc4 21. Qxc4
Bxh3 22. Ra3 Bd7 23. b4 b5 24. Qc2 cxb4 25. Rg3 Qe7 26. a5 Rc8 27. Qb1 Be5 28.
Re3 Rc3 29. Rfe1 Bd4 30. Rf3 Rxf3 31. Bxf3 Qh4 32. Re2 Bf5 33. Qd1 Be5 34. g3
Qc4 35. Rxe5 dxe5 36. d6 Qd4 0-1